00977nac a22002897a 4500001001000000003000900010005001700019008003400036040005400070072001300124100002400137100001900161100001800180100001700198110006600215245012600281260003800407300000900445490010200454650001100556650001300567650002600580650003200606650002200638650001800660650000900678BR0704902BR-BrBNA20240105123502.0230509b bl.|||m| |||| 00| 0 por d aBR-BrBNAbporcBiblioteca Nacional de Agricultura aF07; F081 aPereira, R. de C.A.1 aValentim, J.F.1 aSá, C.P. de1 aSales, F. de1 aCentro de Pesquisa Agroflorestal do Acre, Rio Branco (Brasil)1 aEfeito de cobertura do solo com amendoim forrageiro (Arachis pintoi e Arachis glabrata)na produtividade de café no Acre3 aRio Branco, AC (Brasil): c1997.  a4 p. aPesquisa em Andamento - Centro de Pesquisa Agroflorestal do Acre (Brazil)vno. 96xISSN 0101-6075 aCAFÉ aAMENDOIM aLEGUMINOSA FORRAGEIRA aCONSORCIAÇÃO DE CULTURA aCOBERTURA DO SOLO aPRODUTIVIDADE aACRE